Čo prináša konkurencia v zdravotníctve? Prípad slovenských zubárov

Trh zubných lekárov je jedným z najviac konkurenčných trhov slovenského zdravotníctva. Vo všeobecnosti vyšší počet firiem na trhu spôsobuje tlak na nižšie ceny, vyššiu kvalitu tovarov a služieb, ale napríklad aj vyššiu mieru inovácií či kapacít. S rastom počtu firiem sa však nemusí úroveň konkurenci...

Full description

Saved in:
Bibliographic Details
Main Author: Mihoková, Mária
Other Authors: Kališ, Richard, 1991-
Format: Book Chapter
Language:Slovak
Subjects:
Tags: Add Tag
No Tags, Be the first to tag this record!

MARC

LEADER 00000naa a2200000 4500
001 0289814
005 20240502074438.1
041 0 |a slo 
044 |a SK 
245 1 0 |a Čo prináša konkurencia v zdravotníctve? Prípad slovenských zubárov  |c Mária Mihoková, Richard Kališ 
520 |a Trh zubných lekárov je jedným z najviac konkurenčných trhov slovenského zdravotníctva. Vo všeobecnosti vyšší počet firiem na trhu spôsobuje tlak na nižšie ceny, vyššiu kvalitu tovarov a služieb, ale napríklad aj vyššiu mieru inovácií či kapacít. S rastom počtu firiem sa však nemusí úroveň konkurencie a dopad na spotrebiteľa meniť proporčne. Prítomnosť konkurencie v zdravotníctve vyvoláva zmiešané reakcie. 
610 2 0 |a zdravotníctvo 
610 2 0 |a konkurencia 
610 2 0 |a podnikanie 
610 2 0 |a Slovensko 
100 1 |a Mihoková, Mária 
700 1 |a Kališ, Richard, 1991-